000 01975nam a2200517 i 4500
999 _c118902
_d118902
001 9917819229504201
003 BJBSDDR
005 20230805181421.0
006 a|||||r|||| 00| 0
007 ta
008 161109s2011 mx ob 001 0 spa d
020 _a9786071606662
020 _a6071606667
035 _a(CKB)4330000000046601
035 _a(MiAaPQ)EBC4559407
035 _a(OCoLC)984775948
035 _a(FINmELB)ELB110716
035 _a(EXLCZ)994330000000046601
040 _aFINmELB
_bspa
_erda
_cFINmELB
041 _aspa
_heng
050 1 4 _aHB 3722
_bR371e 2011
082 0 0 _a338.542
100 1 _aReinhart, Carmen M.,
_923255
_d1955-
240 1 0 _aThis time is different.
_lEspañol
245 1 0 _aEsta vez es distinto :
_bocho siglos de necedad financiera /
_cCarmen M. Reinhart, Kennth S. Rogoff.
264 1 _aMéxico D.F. :
_bFondo de Cultura Económica (FCE),
_c2011.
300 _a470 páginas :
_bilustraciones, gráficos, tablas ;
_c23 cm.
336 _atext
_2rdacontent
337 _acomputer
_2rdamedia
338 _aonline resource
_2rdacarrier
490 1 _aEconomía
500 _aTítulo original: This time is different : eight centuries of financial folly
504 _aContiene bibliografía.
588 _aDescription based on online resource; title from PDF title page (ebrary, viewed November 9, 2016).
590 _aRecurso electrónico. Santa Fe, Arg.: elibro, 2020. Disponible vía World Wide Web. El acceso puede estar limitado para las bibliotecas afiliadas a elibro.
650 4 _aCrisis financiera
_91793
_vEstudio de casos
650 4 _aCiclos económicos
_94774
_vEstudio de casos
650 4 _aPolítica fiscal
_9829
_vEstudio de casos
655 4 _aLibros electronicos.
700 1 _aRogoff, Kenneth S.
_q(Kenneth Saul "Ken"),
_928530
_d1953-
776 _z607-16-0666-7
797 2 _ae-libro, Corp.
830 0 _aSección de obras de economía
_9253
906 _aBOOK
942 _2lcc
_cBK